000 01496nam a2200373 a 4500
001 ebr10392792
003 CaPaEBR
006 m u
007 cr cn|||||||||
008 100629s1997 enka sb 001 0 eng d
020 _z9780803977587
020 _z0803977581
020 _z080397759X (pbk.)
020 _z9780857025951 (e-book)
040 _aCaPaEBR
_cCaPaEBR
035 _a(OCoLC)646066594
050 1 4 _aRJ506.S48
_bW67 1997eb
245 0 0 _aWorking with sexually abusive adolescents
_h[electronic resource] /
_cedited by Masud S. Hoghughi ; with Surya R. Bhate and Finlay Graham.
260 _aLondon :
_bSAGE Publications,
_c1997.
300 _ax, 246 p. :
_bill.
490 1 _aWorking with children and adolescents
504 _aIncludes bibliographical references (p. [214]-233) and index.
533 _aElectronic reproduction.
_bPalo Alto, Calif. :
_cebrary,
_d2011.
_nAvailable via World Wide Web.
_nAccess may be limited to ebrary affiliated libraries.
650 0 _aTeenage sex offenders.
650 0 _aTeenage sex offenders
_xRehabilitation.
650 0 _aTeenage sex offenders
_xMental health services.
655 7 _aElectronic books.
_2local
700 1 _aHoghughi, Masud.
700 1 _aBhate, Surya R.
700 1 _aGraham, Finlay.
710 2 _aebrary, Inc.
830 0 _aWorking with children and adolescents.
856 4 0 _uhttp://site.ebrary.com/lib/rucke/Doc?id=10392792
_zAn electronic book accessible through the World Wide Web; click to view
999 _c89041
_d89041